Elaboración de cerveza : microbiología, bioquímica y tecnología /

Contiene: Definición de cervecería; El malteado; Lupulos; Ebullición y enfriamiento del mosto; Fermentación; Cerveza:Posfermentación; Microbiología en cervecería.

Gespeichert in:
Bibliographische Detailangaben
1. Verfasser: Horney, Ian S. (autor)
Format: Buch
Sprache:Spanisch
Veröffentlicht: Zaragoza, España : Acribia, 2003, c2003
Schlagworte:
Tags: Tag hinzufügen
Keine Tags, Fügen Sie das erste Tag hinzu!

MARC

LEADER 00000nam^a2200000^a^4500
001 000184411
005 20250521000000.0
009 20260310102115.825
020 |a 84-200-0967-9 
037 |a Acervo ITESO - Biblioteca 
041 |a ESP 
082 |a 641. 23  |b HOR 
100 |a Horney, Ian S.  |e (autor) 
245 1 0 |a Elaboración de cerveza :  |b microbiología, bioquímica y tecnología /  |c I.S. Horney ; tr. por Andrés Marcos Barrado. 
264 4 |a Zaragoza, España :  |b Acribia,  |c 2003, c2003 
300 |a 229 p. 
336 |a texto  |b txt  |2 rdacontenido 
337 |a sin mediación  |b n  |2 rdamedio 
338 |a volumen  |b nc  |2 rdasoporte 
500 |a Traducción de: Brewing 
520 |a Contiene: Definición de cervecería; El malteado; Lupulos; Ebullición y enfriamiento del mosto; Fermentación; Cerveza:Posfermentación; Microbiología en cervecería. 
649 |a XX 
650 |a Cerveza -  |x Elaboración -  |x Tema Principal 
650 |a Bebidas Fermentadas -  |x Elaboración 
650 |a Bebidas Alcohólicas 
650 |a Fermentación 
650 |a Alimentos y Bebidas Fermentados -  |x Elaboración 
650 |a Alimentos y Bebidas -  |x Elaboración 
650 |a Microbiología 
650 |a Química Orgánica 
650 |a Química Analítica 
650 |a Tecnología de Alimentos 
910 |a Fondo General 
920 |a Impresos - Libros 
930 |a Colección General 
905 |a 101 
901 |a 0500125359  |b IT1  |c ACC  |u 20250521 
902 |a https://opac.biblio.iteso.mx/vufind/Record/000184411